UBT Library

Business principles and management / (Record no. 1217)

000 -LEADER
fixed length control field 00549nam a22002057a 4500
008 - FIXED-LENGTH DATA ELEMENTS--GENERAL INFORMATION
fixed length control field 151002b xxu||||| |||| 00| 0 eng d
020 ## - INTERNATIONAL STANDARD BOOK NUMBER
International Standard Book Number 0538435909
041 0# - LANGUAGE CODE
Language code of text/sound track or separate title eng
080 ## - UNIVERSAL DECIMAL CLASSIFICATION NUMBER
Universal Decimal Classification number 658
100 1# - Rafti
Rafti Everard, Kenneth E.
245 10 - TITLE STATEMENT
Title Business principles and management /
Statement of responsibility, etc by Kenneth E. Everard, James L. Burrow.
250 ## -
-- 11th ed.
260 ## -
-- USA:
-- South-Western, Thomson;
-- 2004.
300 ## -
-- 722 f.:
-- me il.;
-- 26 cm.
650 #0 -
-- Biznes
650 #0 -
-- Menaxhim
650 #0 -
-- Organizim
700 1# -
-- Burrow, Jim.
942 ## - ADDED ENTRY ELEMENTS (KOHA)
Source of classification or shelving scheme
Item type Books
Holdings
Withdrawn status Lost status Source of classification or shelving scheme Damaged status Not for loan Collection code Permanent location Current location Shelving location Date acquired Total Checkouts Full call number Barcode Date last seen Koha item type Price effective from
          Koleksioni i përgjithshem UBT - Lipjan UBT - Lipjan Koleksioni i përgjithshem 10/02/2015   658 EVE 002-008484 10/02/2015 Books  
          Koleksioni i përgjithshem UBT - Lipjan UBT - Lipjan Koleksioni i përgjithshem 12/08/2015   658 EVE 002-008713 12/08/2015 Books 12/08/2015
UBT Library © 2015-2024. All rights reserved University Education for Business and Technology